Capitals and Largest Cities of Argentina - Statistics

General Stats
  • This quiz has been taken 35 times
  • The average score is 18 of 26
Answer Stats
Province Answer % Correct
Córdoba Córdoba
92%
Formosa Formosa
84%
Mendoza Mendoza
84%
Corrientes Corrientes
80%
Salta Salta
80%
Buenos Aires La Plata
76%
La Rioja La Rioja
76%
Neuquén Neuquén
76%
Catamarca San Fernando del Valle de Catamarca
76%
San Juan San Juan
76%
Tucumán San Miguel de Tucumán
76%
Jujuy San Salvador de Jujuy
76%
Santa Fe Rosario
72%
Santa Fe Santa Fe
72%
San Luis San Luis
68%
Santiago del Estero Santiago del Estero
68%
Tierra del Fuego Ushuaia
68%
Entre Ríos Paraná
64%
Misiones Posadas
60%
Chaco Resistencia
60%
Chubut Comodoro Rivadavia
56%
Chubut Rawson
52%
La Pampa Santa Rosa
52%
Santa Cruz Río Gallegos
44%
Río Negro Viedma
40%
Río Negro Bariloche
36%
No matching quizzes found
Score Distribution
Percent of People with Each Score
Percentile by Number Answered
Your Score History
You have not taken this quiz